| 000 | 01025nas a2200337 4500 | ||
|---|---|---|---|
| 001 | BR0101191 | ||
| 003 | BR-BrBNA | ||
| 005 | 20231205102104.0 | ||
| 007 | ta | ||
| 008 | 230509b bl.|||p| |||| 00| 00por d | ||
| 040 |
_aBR-BrBNA _bpor _cBiblioteca Nacional de Agricultura |
||
| 041 | _a(Pt) | ||
| 072 | _aL51 | ||
| 100 | 1 | _aDamaceno, J.C. | |
| 100 | 1 | _aSantos, G.T. dos | |
| 100 | 1 | _aCecato, U. | |
| 100 | 1 | _aSakaguti, E.S. | |
| 100 | 1 | _aAlcalde, C.R. | |
| 100 | 1 | _aBranco, A.F. | |
| 245 | 1 | _aConsumo voluntario, digestibilidade e balanco de nitrogenio em ovinos recebendo palha de arroz amonizada em diferentes niveis de oferta | |
| 650 | _aOvino | ||
| 650 | _aPalha de Arroz | ||
| 650 | _aConsumo | ||
| 650 | _aDigestibilidade | ||
| 650 | _aNitrogenio | ||
| 650 | _aUreia | ||
| 650 | _aModelo Matematico | ||
| 773 | 0 |
_tRevista Brasileira de Zootecnia (Brazil) _xISSN 1516-3598 _g(Jul-Aug 2000), v. 29(4) p. 1167-1173 _wBR0101191 |
|
| 909 |
_a202311 _bLúcia _c55 _dLúcia Elande |
||
| 942 |
_2AGRIS _n0 _cANA |
||
| 999 |
_c165676 _d165676 |
||